00297nam a2200121Ia 4500008004100000100002100041245003000062260003200092300000900124650001800133942000700151999001700158190216s9999||||xx |||||||||||||| ||und|| aNehru Jawaharlal 0aGlimpses Of World History bAsia Publishing Housec1965 a1029 aWorld History cBK c18585d18585